[Event "Bad Godesberg op 15th"]
[Site "Bad Godesberg"]
[Date "2011.07.24"]
[Round "2"]
[White "Dohr, Jonas"]
[Black "Ortleb, Thomas"]
[Result "0-1"]
[WhiteElo "1117"]
[BlackElo "1763"]
[PlyCount "86"]
[EventDate "2011.07.23"]
[EventType "swiss"]
[EventRounds "9"]
[EventCountry "GER"]
[SourceTitle "EXT 2017"]
[Source "ChessBase"]
[SourceDate "2016.10.25"]
[SourceVersion "1"]
[SourceVersionDate "2016.10.25"]
[SourceQuality "1"]

1. e4 c6 2. d4 d5 3. exd5 cxd5 4. Nf3 Bg4 5. Be2 Nc6 6. h3 Bh5 7. Nc3 e6 8. a3 Nf6 9. Bg5 h6 10. Bf4 Be7 11. Ne5 Bxe2 12. Qxe2 Nxd4 13. Qd1 Nc6 14. Nxc6 bxc6 15. 0-0 0-0 16. b4 Bd6 17. Qd2 Bxf4 18. Qxf4 Qb6 19. Na4 Qb5 20. Nc5 a5 21. Rab1 axb4 22. axb4 Ra3 23. Qd4 Rfa8 24. Rfc1 Qb8 25. c3 R8a7 26. c4 Nd7 27. Nxd7 Rxd7 28. c5 Rb7 29. Rb2 Rb5 30. Rcb1 e5 31. Qd2 e4 32. Qe1 Qe5 33. Qd2 Rd3 34. Qe2 Qd4 35. Qe1 e3 36. Rc2 exf2+ 37. Rxf2 Re3 38. Qc1 Qe4 39. Ra1 Rxb4 40. Rf5 Rc4 41. Qf1 f6 42. Ra8+ Kf7 43. Ra6 Re1 0-1

[Event "GER-ch Net qual4 U14"]
[Site "Playchess.com INT"]
[Date "2011.05.11"]
[Round "3"]
[White "Dohr, Jonas"]
[Black "Hirschmann, Jakob"]
[Result "0-1"]
[WhiteElo "1546"]
[BlackElo "1802"]
[PlyCount "40"]
[EventDate "2011.05.11"]
[EventType "swiss (blitz)"]
[EventRounds "7"]
[EventCountry "GER"]
[SourceTitle "CBM 142 Extra"]
[Source "ChessBase"]
[SourceDate "2011.06.27"]
[SourceVersion "1"]
[SourceVersionDate "2011.06.27"]
[SourceQuality "1"]

1. c4 e5 2. g3 Nc6 3. Bg2 d6 4. Nc3 Be6 5. d3 g6 6. e3 Bg7 7. Nge2 Qd7 8. 0-0 Bh3 9. f4 h5 10. e4 h4 11. f5 Bxg2 12. Kxg2 hxg3 13. Nxg3 Nge7 14. f6 Qh3+ 15. Kf3 Bxf6 16. Ke3 Bg5+ 17. Kf3 Nd4+ 18. Kf2 Qxh2+ 19. Ke1 Qxg3+ 20. Rf2 Rh1# 0-1

[Event "GER-ch Net qual2 U14"]
[Site "Playchess.com INT"]
[Date "2011.05.04"]
[Round "2"]
[White "Titgemeyer, Eva Maria"]
[Black "Dohr, Jonas"]
[Result "0-1"]
[WhiteElo "2075"]
[BlackElo "1629"]
[PlyCount "60"]
[EventDate "2011.05.04"]
[EventType "swiss (blitz)"]
[EventRounds "7"]
[EventCountry "GER"]
[SourceTitle "CBM 142 Extra"]
[Source "ChessBase"]
[SourceDate "2011.06.27"]
[SourceVersion "1"]
[SourceVersionDate "2011.06.27"]
[SourceQuality "1"]

1. e4 e5 2. Nf3 Nc6 3. Bc4 Bc5 4. c3 Nf6 5. d4 exd4 6. cxd4 Bb4+ 7. Bd2 Bxd2+ 8. Nbxd2 0-0 9. 0-0 d6 10. e5 dxe5 11. dxe5 Nd5 12. Nb3 Nb6 13. Be2 Be6 14. Qc2 h6 15. Rad1 Qe7 16. Bb5 Bd5 17. Bxc6 Bxc6 18. Qc3 Nd5 19. Qd3 Rad8 20. Qc4 Nb6 21. Qc3 Bxf3 22. Qxf3 Qxe5 23. Qxb7 Rxd1 24. Rxd1 Qxb2 25. Qxa7 Qc2 26. Rc1 Re8 27. h3 Qf5 28. Rxc7 Re1+ 29. Kh2 Qf4+ 30. g3 Qxf2# 0-1